عرض عادي
عرض مارك
- البخاري، محمد سعيد بن محمد حسن
مدخل إسم شخص
001 - رقم الضبط
- حقل الضبط: 5156
003 - معرف رقم الضبط
- حقل الضبط: OSt
005 - تاريخ ووقت أخر عملية
- حقل الضبط: 20111006053305.0
008 - عناصر بيانات ثابتة الطول
- حقل تحكم ثابت الطول: 111006|||a|||||| | ||| d
040 ## - مصدر الفهرسة
- هيئة الفهرسة الأصلية: OSt
- وكالة الكتابة: OSt
100 ## - مدخل -- أسم شخص
- إسم شخص: البخاري، محمد سعيد بن محمد حسن
- مصطلح الرابط: محقق.
670 ## - بيانات المصدر موجوده
- الاستشهاد بالمصدر: Work cat.: (OSt)4082: الطبراني، سليمان بن أحمد بن أيوب، 260-360 هـ. 5155, كتاب الدعاء /, 2008
